[Event "1st Gujarat GM Open 2018"]
[Site "Ahmedabad"]
[Date "2018.10.07"]
[Round "3"]
[White "Srihari L R"]
[Black "Arjun Kalyan"]
[Result "1-0"]
[WhiteElo "2170"]
[BlackElo "2408"]
[Annotator "ChessBase"]
[PlyCount "155"]
[EventDate "2018.10.05"]
[EventType "swiss"]
[EventCountry "IND"]
[SourceTitle "playchess.com"]
[Source "ChessBase"]
[SourceQuality "1"]
[TimeControl "5400+30"]

1. Nf3 {[%emt 0:00:00]} d5 {[%emt 0:00:00]} 2. c4 {[%emt 0:00:00]} c6 {[%emt 0:00:22]} 3. b3 {[%emt 0:02:01]} Bg4 {[%emt 0:01:41]} 4. Bb2 {[%emt 0:00:41]} Bxf3 {[%emt 0:01:51]} 5. exf3 {[%emt 0:00:27]} Nf6 {[%emt 0:00:44]} 6. d4 {[%emt 0:01:31]} g6 {[%emt 0:01:43]} 7. Nd2 {[%emt 0:05:55]} Bg7 {[%emt 0:00:31]} 8. g3 {[%emt 0:01:29]} O-O {[%emt 0:00:29]} 9. Bg2 {[%emt 0:01:26]} a5 10. O-O {[%emt 0:07:22]} Na6 {[%emt 0:13:41]} 11. f4 {[%emt 0:01:28]} b5 {[%emt 0:13:11]} 12. Qe2 {[%emt 0:10:29]} Qb6 {[%emt 0:03:36]} 13. c5 {[%emt 0:08:43]} Qb7 {[%emt 0:00:18]} 14. a4 {[%emt 0:00:25]} Nc7 {[%emt 0:09:29]} 15. axb5 {[%emt 0:18:27]} Nxb5 16. Ra4 {[%emt 0:01:26]} Nd7 {[%emt 0:17:42]} 17. Rc1 {[%emt 0:00:32]} e6 {[%emt 0:01:51]} 18. Nf3 {[%emt 0:02:17]} Nc7 {[%emt 0:04:34]} 19. Qc2 {[%emt 0:00:47]} Rfb8 {[%emt 0:01:29]} 20. Nd2 {[%emt 0:00:38]} Ra7 {[%emt 0:08:50]} 21. Rca1 {[%emt 0:00:57]} Rba8 {[%emt 0:00:01]} 22. Bf1 {[%emt 0:02:52]} Na6 {[%emt 0:03:42]} 23. Bxa6 {[%emt 0:02:15]} Rxa6 {[%emt 0:00:37]} 24. Bc3 {[%emt 0:00:32]} Qb5 {[%emt 0:00:24]} 25. Nf3 {[%emt 0:02:37]} f6 {[%emt 0:04:55]} 26. Kg2 {[%emt 0:01:18]} e5 {[%emt 0:02:02]} 27. b4 {[%emt 0:00:55]} e4 {[%emt 0:03:38]} 28. Ne1 {[%emt 0:00:09]} axb4 {[%emt 0:00:12]} 29. Rxb4 {[%emt 0:00:06]} Qxb4 {[%emt 0:00:03]} 30. Rxa6 {[%emt 0:00:10]} Qb7 {[%emt 0:00:08]} 31. Rxa8+ {[%emt 0:00:08]} Qxa8 {[%emt 0:00:01]} 32. Qb3 {[%emt 0:01:02]} Qb7 33. Qc2 {[%emt 0:00:30]} Qa8 {[%emt 0:01:00]} 34. Qb3 {[%emt 0:00:30]} f5 {[%emt 0:00:58]} 35. Nc2 {[%emt 0:00:15]} Qa6 {[%emt 0:00:58]} 36. Nb4 {[%emt 0:00:23]} Qb5 {[%emt 0:01:31]} 37. Qa3 {[%emt 0:00:13]} Qb7 {[%emt 0:01:12]} 38. Qa4 {[%emt 0:01:30]} Nb8 {[%emt 0:00:04]} 39. Qa5 {[%emt 0:00:58]} Bf6 {[%emt 0:00:04]} 40. h4 {[%emt 0:00:52]} Kf7 {[%emt 0:00:18]} 41. Kf1 {[%emt 0:03:28]} Ke8 {[%emt 0:00:37]} 42. Qa4 {[%emt 0:00:26]} Kd8 {[%emt 0:00:23]} 43. Ke2 {[%emt 0:02:31]} Kc8 {[%emt 0:00:05]} 44. Ke3 {[%emt 0:01:06]} Bd8 {[%emt 0:00:10]} 45. Ke2 {[%emt 0:01:05]} h6 {[%emt 0:01:13]} 46. Bd2 {[%emt 0:00:45]} Bf6 {[%emt 0:01:11]} 47. Be3 {[%emt 0:00:11]} Qc7 {[%emt 0:00:43]} 48. Kf1 {[%emt 0:04:02]} Bd8 {[%emt 0:00:19]} 49. Qa8 {[%emt 0:01:00]} Qb7 {[%emt 0:00:43]} 50. Qa4 {[%emt 0:00:07]} Bc7 {[%emt 0:01:37]} 51. Kg2 {[%emt 0:01:41]} Kd8 {[%emt 0:00:17]} 52. Kf1 {[%emt 0:01:22]} Ke7 {[%emt 0:00:03]} 53. Kg2 {[%emt 0:00:45]} Bd8 {[%emt 0:00:16]} 54. Kh2 {[%emt 0:01:26]} Kf7 {[%emt 0:00:26]} 55. Kg2 {[%emt 0:00:30]} Kf8 {[%emt 0:02:00]} 56. Kf1 {[%emt 0:00:28]} Kf7 {[%emt 0:00:07]} 57. Kg2 {[%emt 0:00:16]} Bf6 {[%emt 0:01:29]} 58. Kh2 {[%emt 0:01:23]} Be7 {[%emt 0:00:04]} 59. Kg2 {[%emt 0:00:27]} Bd8 {[%emt 0:00:02]} 60. Kh2 {[%emt 0:01:16]} Kf6 {[%emt 0:00:39]} 61. Kg2 {[%emt 0:00:08]} Ke6 {[%emt 0:00:34]} 62. Nxd5 {[%emt 0:00:28]} cxd5 {[%emt 0:00:31]} 63. Qe8+ {[%emt 0:00:29]} Be7 {[%emt 0:01:37]} 64. Qxg6+ {[%emt 0:00:02]} Kd7 {[%emt 0:00:03]} 65. Qxf5+ {[%emt 0:00:07]} Kd8 {[%emt 0:00:20]} 66. Qh7 {[%emt 0:01:04]} Qc6 {[%emt 0:00:32]} 67. f5 {[%emt 0:00:29]} Qe8 {[%emt 0:01:40]} 68. Qxh6 {[%emt 0:01:07]} Nc6 {[%emt 0:00:21]} 69. f6 {[%emt 0:01:13]} Bf8 {[%emt 0:00:46]} 70. Qh7 {[%emt 0:00:47]} Qd7 {[%emt 0:00:55]} 71. f7 {[%emt 0:01:05]} Kc8 {[%emt 0:01:12]} 72. Qg8 {[%emt 0:00:21]} Qd8 {[%emt 0:00:05]} 73. Bg5 {[%emt 0:00:05]} Ne7 {[%emt 0:00:04]} 74. h5 {[%emt 0:00:08]} Kd7 {[%emt 0:00:45]} 75. h6 {[%emt 0:00:23]} Qb8 {[%emt 0:00:53]} 76. h7 {[%emt 0:00:44]} Qb3 {[%emt 0:00:03]} 77. Be3 {[%emt 0:00:17]} Qd1 {[%emt 0:00:40]} 78. h8=Q {[%emt 0:00:29] Ke8 [%clk 0:00:15]} 1-0

[Event "1st Gujarat GM Open 2018"]
[Site "Ahmedabad"]
[Date "2018.10.07"]
[Round "3"]
[White "Utsab Chatterjee"]
[Black "Saurabh Anand"]
[Result "0-1"]
[WhiteElo "2149"]
[BlackElo "2303"]
[Annotator "NA"]
[PlyCount "74"]
[EventDate "2018.10.05"]
[EventType "swiss"]
[EventCountry "IND"]
[SourceTitle "playchess.com"]
[Source "ChessBase"]
[SourceQuality "1"]
[TimeControl "5400+30"]

1. e4 c5 2. Nf3 e6 3. d4 cxd4 4. Nxd4 Nc6 5. Nxc6 bxc6 6. Bd3 Nf6 7. O-O d5 8. Nc3 Be7 9. Qe2 O-O 10. f4 c5 11. Bb5 Bb7 12. e5 Ne8 13. b3 f5 14. Bd2 Nc7 15. Bd3 Qd7 16. Rad1 Rac8 17. Be1 Qc6 18. Kh1 a6 19. Qf2 d4 20. Nb1 Bh4 21. Qe2 Bxe1 22. Rdxe1 Nd5 23. Rf2 Rc7 24. a3 h6 25. Bc4 Ne3 26. c3 g5 27. fxg5 hxg5 28. cxd4 cxd4 29. Nd2 g4 30. Kg1 Rg7 31. Nf1 f4 32. Nxe3 dxe3 33. Rff1 Qe8 34. Rd1 f3 35. Qxe3 g3 36. h3 f2+ 37. Kh1 Qc6 0-1

[Event "1st Gujarat GM Open 2018"]
[Site "Ahmedabad"]
[Date "2018.10.07"]
[Round "3"]
[White "Subhayan Kundu"]
[Black "Raahul V S"]
[Result "0-1"]
[WhiteElo "2093"]
[BlackElo "2294"]
[Annotator "TA"]
[PlyCount "84"]
[EventDate "2018.10.05"]
[EventType "swiss"]
[EventCountry "IND"]
[SourceTitle "playchess.com"]
[Source "ChessBase"]
[SourceQuality "1"]

{[%evp 18,84,31,16,12,0,6,0,18,0,10,-12,13,-40,-13,-49,-65,-91,10,4,0,18,29,16,19,0,14,-6,0,-41,-50,-58,-20,-26,-9,-132,-126,-171,-167,-151,0,-28,0,-91,-100,-108,-64,-63,-28,-166,-161,-183,-191,-145,-186,-256,-248,-342,-329,-385,-364,-369,-373,-339,840,-1766,-1786,-29996,-29997]} 1. e4 e5 2. Nf3 Nc6 3. Bb5 a6 4. Ba4 Nf6 5. O-O b5 6. Bb3 Bb7 7. d3 Be7 8. Nc3 O-O 9. Bd2 d6 10. Ne2 {LiveBook: 10 Games. C84: Closed Ruy Lopez: Unusual White 6th moves} (10. Nd5 Nxd5 11. Bxd5 Qc8 12. a4 Nd8 13. Bxb7 Qxb7 14. b4 Ne6 15. Qb1 d5 16. exd5 Qxd5 17. Qa2 Qxa2 18. Rxa2 f6 19. Rfa1 {½-½ (29) Sadzikowski,D (2551)-Efimenko,Z (2661) Abu Dhabi 2016}) 10... Qd7 11. Ng3 Nd8 {[%cal Bc6d8,Bd8e6,Be6f4][%mdl 32]} 12. c3 $146 {The position is equal.} ({Predecessor:} 12. a4 Ne6 13. Nf5 c5 14. Bxe6 fxe6 15. Nxe7+ Qxe7 16. Re1 b4 17. Bg5 Qc7 {½-½ (25) Gunkel,W (2314)-Booij,R (2367) ICCF email 2012}) 12... c5 13. Qe2 Ne6 14. Rad1 Rfe8 15. Bc1 (15. Ng5 $11) 15... Bf8 16. d4 Nf4 17. Qe3 Ng4 (17... Nxg2 $1 $17 18. Kxg2 exd4 19. cxd4 Rxe4) 18. Qd2 $11 {aiming for h3.} c4 19. Bc2 Qe6 20. h3 Nf6 21. Rfe1 g6 22. Kh2 (22. Ne2 {seems wilder.} Nxe4 23. Bxe4 Bxe4 24. Ng5 Qf5 25. Nxe4 Qxe4 26. Nxf4 Qxf4 27. Qxf4 exf4 28. Bxf4 a5 29. d5) 22... Rac8 23. dxe5 dxe5 {[#]} 24. Nxe5 $1 {[%mdl 512]} Nxg2 (24... Bh6 {with more complications.} 25. Ng4 Nxg4+ 26. hxg4 Qxg4 27. Qd7 Qh4+) (24... Qxe5 25. Qxf4) 25. Kxg2 {Threatens to win with Nf3.} Qxe5 26. f4 (26. f3 $11 {remains equal.}) 26... Qc7 $1 $17 27. Kh2 Rcd8 28. Qe2 {[#]} Rc8 $2 (28... h5 $1 $17 {[%cal Rh5h4]} 29. e5 h4) 29. Qd2 Rcd8 (29... Bc5 $11 30. Qe2 h5) 30. Qe2 $1 Rxd1 31. Qxd1 Bc5 32. Qe2 Qb6 33. Be3 (33. e5 $11) 33... h5 $36 {[%cal Bh7h5,Bh5h4][%mdl 2080] Keeping White busy.} 34. Bxc5 Qxc5 35. e5 {[#]} h4 $1 {[%cal Rh4g3]} 36. Nf1 (36. Ne4 {is a better defense.} Nxe4 37. Bxe4 Bxe4 38. Qxe4) 36... Nh5 {White must now prevent ...f5.} 37. Qe3 Qxe3 38. Nxe3 Nxf4 39. Ng4 {Black should prevent Nf6+.} Rd8 {...Rd2+ is the strong threat.} 40. Rd1 Rd4 $4 {[%mdl 8192]} (40... Rxd1 $19 41. Bxd1 Kf8) 41. Rd3 $4 {[%mdl 8192]} (41. Rxd4 $18 Ne6 42. Nf6+ Kg7 43. Rxh4) 41... Rxd3 42. Bd1 Rxd1 {Precision: White = 24%, Black = 49%.} 0-1

[Event "1st Gujarat GM Open 2018"]
[Site "Ahmedabad"]
[Date "2018.10.07"]
[Round "3"]
[White "Jay Kundaliya"]
[Black "Rakesh Kumar Jena"]
[Result "1-0"]
[WhiteElo "2047"]
[BlackElo "2388"]
[Annotator "NA"]
[PlyCount "115"]
[EventDate "2018.10.05"]
[EventType "swiss"]
[EventCountry "IND"]
[SourceTitle "playchess.com"]
[Source "ChessBase"]
[SourceQuality "1"]
[TimeControl "5400+30"]

1. e4 {[%emt 0:00:41]} d6 {[%emt 0:00:00]} 2. d4 {[%emt 0:01:00]} Nf6 {[%emt 0:00:00]} 3. f3 {[%emt 0:00:56]} g6 {[%emt 0:00:05]} 4. Be3 {[%emt 0:00:23]} Bg7 {[%emt 0:03:12]} 5. Qd2 {[%emt 0:07:27]} Nbd7 {[%emt 0:01:53]} 6. Bh6 {[%emt 0:08:41]} Bxh6 {[%emt 0:00:27]} 7. Qxh6 {[%emt 0:00:02]} c5 {[%emt 0:00:01]} 8. c3 {[%emt 0:01:29]} Qb6 {[%emt 0:02:17]} 9. Qd2 {[%emt 0:00:48]} O-O {[%emt 0:04:12]} 10. Na3 {[%emt 0:05:23]} Qc7 {[%emt 0:13:05]} 11. Ne2 {[%emt 0:07:58]} a6 {[%emt 0:03:40]} 12. g4 {[%emt 0:04:16]} b5 {[%emt 0:01:13]} 13. Ng3 {[%emt 0:01:43]} b4 {[%emt 0:02:21]} 14. cxb4 {[%emt 0:02:29]} cxd4 {[%emt 0:00:51]} 15. Qxd4 {[%emt 0:00:59]} Ne5 {[%emt 0:00:04]} 16. Be2 {[%emt 0:03:58]} Rb8 {[%emt 0:00:49]} 17. Qd2 {[%emt 0:06:52]} Rd8 {[%emt 0:00:15]} 18. g5 {[%emt 0:08:05]} Ne8 {[%emt 0:03:52]} 19. f4 {[%emt 0:02:46]} Nc6 {[%emt 0:01:22]} 20. Nc2 {[%emt 0:01:16]} d5 {[%emt 0:06:20]} 21. e5 {[%emt 0:03:05]} d4 {[%emt 0:03:18]} 22. Bd3 {[%emt 0:02:33]} Qb6 {[%emt 0:13:07]} 23. a3 {[%emt 0:00:26]} Bh3 {[%emt 0:00:04]} 24. Ne4 {[%emt 0:04:29]} Nc7 {[%emt 0:01:02]} 25. Qf2 {[%emt 0:03:26]} a5 {[%emt 0:07:50]} 26. Qf3 {[%emt 0:10:47]} Bf5 {[%emt 0:01:15]} 27. bxa5 {[%emt 0:03:26]} Qxb2 {[%emt 0:01:30]} 28. O-O {[%emt 0:00:32]} Nd5 {[%emt 0:05:09]} 29. Nb4 {[%emt 0:03:52]} Ncxb4 {[%emt 0:09:51]} 30. axb4 {[%emt 0:00:03]} Nc3 {[%emt 0:00:35]} 31. Nxc3 {[%emt 0:01:36]} Bxd3 {[%emt 0:01:39]} 32. Na4 {[%emt 0:02:28]} Qe2 {[%emt 0:00:04]} 33. Nc5 {[%emt 0:00:40]} Qxf3 {[%emt 0:00:14]} 34. Rxf3 {[%emt 0:00:02]} Be2 {[%emt 0:00:27]} 35. Rb3 {[%emt 0:00:02]} Bc4 {[%emt 0:03:20]} 36. Rb2 {[%emt 0:00:10]} Bb5 {[%emt 0:03:57]} 37. Kf2 {[%emt 0:00:56]} Bc6 {[%emt 0:01:26]} 38. a6 {[%emt 0:00:34]} Rb5 {[%emt 0:05:21]} 39. a7 {[%emt 0:00:26]} Kg7 {[%emt 0:00:49]} 40. Ke2 {[%emt 0:00:45]} e6 {[%emt 0:02:27]} 41. Kd3 {[%emt 0:00:35]} Rb6 {[%emt 0:00:16]} 42. Ra5 {[%emt 0:00:24]} Rc8 {[%emt 0:00:48]} 43. Kxd4 {[%emt 0:00:43]} Ba8 {[%emt 0:00:19]} 44. b5 {[%emt 0:01:24]} Rc7 {[%emt 0:00:19]} 45. Ra6 {[%emt 0:01:17]} Rxa6 {[%emt 0:00:05]} 46. bxa6 {[%emt 0:00:03]} Rxa7 {[%emt 0:00:04]} 47. Rb7 {[%emt 0:00:48]} Rxa6 {[%emt 0:00:01]} 48. Rxf7+ {[%emt 0:00:01]} Kxf7 {[%emt 0:00:01]} 49. Nxa6 {[%emt 0:00:01]} Ke7 {[%emt 0:00:31]} 50. Kc5 {[%emt 0:00:19]} Kd7 {[%emt 0:01:20]} 51. Nb4 {[%emt 0:00:13]} Be4 {[%emt 0:00:15]} 52. Na2 {[%emt 0:00:04]} Kc7 {[%emt 0:00:32]} 53. Nc3 {[%emt 0:00:03]} Bf3 {[%emt 0:00:03]} 54. Nb5+ {[%emt 0:01:06]} Kd7 {[%emt 0:00:02]} 55. Kb6 {[%emt 0:00:19]} Bg2 {[%emt 0:00:40]} 56. Nd6 {[%emt 0:00:10]} Bf3 {[%emt 0:01:55]} 57. Nf7 {[%emt 0:00:06]} Ke7 {[%emt 0:00:50]} 58. Nh6 {[%emt 0:00:53]} 1-0

[Event "1st Gujarat GM Open 2018"]
[Site "Ahmedabad"]
[Date "2018.10.07"]
[Round "3"]
[White "Tarun Kanyamarala"]
[Black "Siva Mahadevan"]
[Result "0-1"]
[WhiteElo "2046"]
[BlackElo "2341"]
[Annotator "NA"]
[PlyCount "64"]
[EventDate "2018.10.05"]
[EventType "swiss"]
[EventCountry "IND"]
[SourceTitle "playchess.com"]
[Source "ChessBase"]
[SourceQuality "1"]
[TimeControl "5400+30"]

1. d4 {[%emt 0:00:00]} Nf6 {[%emt 0:00:04]} 2. c4 {[%emt 0:00:22]} g6 {[%emt 0:00:57]} 3. f3 {[%emt 0:00:40]} d5 {[%emt 0:01:06]} 4. cxd5 {[%emt 0:00:18]} Nxd5 {[%emt 0:00:07]} 5. e4 {[%emt 0:00:31]} Nb6 {[%emt 0:00:07]} 6. Nc3 {[%emt 0:00:52]} Bg7 {[%emt 0:00:10]} 7. Be3 {[%emt 0:00:11]} O-O {[%emt 0:00:11]} 8. Qd2 {[%emt 0:01:57]} e5 {[%emt 0:00:12]} 9. d5 {[%emt 0:06:11]} c6 {[%emt 0:00:40]} 10. O-O-O {[%emt 0:05:59]} cxd5 {[%emt 0:00:34]} 11. exd5 {[%emt 0:00:15]} Na6 {[%emt 0:00:06]} 12. g4 {[%emt 0:06:33]} Bd7 {[%emt 0:01:01]} 13. h4 {[%emt 0:10:41]} Rc8 {[%emt 0:01:06]} 14. Kb1 {[%emt 0:00:57]} e4 {[%emt 0:21:00]} 15. Nxe4 {[%emt 0:05:33]} Ba4 {[%emt 0:00:14]} 16. b3 {[%emt 0:09:21]} f5 {[%emt 0:01:52]} 17. gxf5 {[%emt 0:03:48]} Rxf5 {[%emt 0:06:13]} 18. Bh3 {[%emt 0:11:10]} Nc4 {[%emt 0:05:02]} 19. bxc4 {[%emt 0:01:40]} Rxc4 {[%emt 0:00:25]} 20. Bxf5 {[%emt 0:01:07]} gxf5 {[%emt 0:00:19]} 21. Ne2 {[%emt 0:07:12]} Bxd1 {[%emt 0:22:41]} 22. Rxd1 {[%emt 0:05:02]} Rb4+ {[%emt 0:01:21]} 23. Qxb4 {[%emt 0:02:17]} Nxb4 {[%emt 0:00:07]} 24. N4c3 {[%emt 0:02:41]} Qa5 {[%emt 0:06:31]} 25. d6 {[%emt 0:03:34]} Nxa2 {[%emt 0:00:40]} 26. Nxa2 {[%emt 0:03:43]} Qb5+ {[%emt 0:00:10]} 27. Kc2 {[%emt 0:00:14]} Qxe2+ {[%emt 0:00:04]} 28. Bd2 {[%emt 0:00:09]} Qe6 {[%emt 0:00:51]} 29. Nc3 {[%emt 0:00:19]} Qxd6 {[%emt 0:00:07]} 30. Bg5 {[%emt 0:00:09]} Qc6 31. Rd3 {[%emt 0:00:19]} h6 {[%emt 0:00:36]} 32. Bf4 {[%emt 0:00:15]} Bxc3 {[%emt 0:00:03]} 0-1

[Event "1st Gujarat GM Open 2018"]
[Site "Ahmedabad"]
[Date "2018.10.07"]
[Round "3"]
[White "Rajarshi Dutta"]
[Black "Sahil, Tickoo"]
[Result "0-1"]
[WhiteElo "2026"]
[BlackElo "2217"]
[Annotator "NA"]
[PlyCount "108"]
[EventDate "2018.10.05"]
[EventType "swiss"]
[EventCountry "IND"]
[SourceTitle "playchess.com"]
[Source "ChessBase"]
[SourceQuality "1"]
[TimeControl "5400+30"]

1. e4 {[%emt 0:00:00]} c5 {[%emt 0:00:00]} 2. c3 {[%emt 0:00:11]} d5 {[%emt 0:00:00]} 3. exd5 {[%emt 0:00:13]} Nf6 {[%emt 0:00:00]} 4. d4 {[%emt 0:01:58]} Nxd5 {[%emt 0:00:17]} 5. Nf3 {[%emt 0:03:04]} e6 {[%emt 0:00:06]} 6. Ne5 {[%emt 0:04:17]} Nc6 {[%emt 0:04:07]} 7. Bb5 {[%emt 0:13:29]} Bd7 {[%emt 0:00:44]} 8. Nxd7 {[%emt 0:05:51]} Qxd7 {[%emt 0:00:15]} 9. O-O {[%emt 0:01:06]} a6 {[%emt 0:03:00]} 10. Bc4 {[%emt 0:18:54]} cxd4 {[%emt 0:01:34]} 11. cxd4 {[%emt 0:00:07]} Nb6 {[%emt 0:01:50]} 12. Qb3 {[%emt 0:10:32]} Nxc4 {[%emt 0:02:13]} 13. Qxc4 {[%emt 0:00:01]} Qxd4 {[%emt 0:00:20]} 14. Qb3 {[%emt 0:00:35]} Qb4 {[%emt 0:11:46]} 15. Qg3 {[%emt 0:10:10]} Nd4 {[%emt 0:05:26]} 16. Qd3 {[%emt 0:00:40]} Rd8 {[%emt 0:01:11]} 17. Nc3 {[%emt 0:04:43]} Nb3 {[%emt 0:04:42]} 18. Nd5 {[%emt 0:07:49]} Rxd5 {[%emt 0:02:19]} 19. Qxb3 {[%emt 0:00:25]} Qxb3 {[%emt 0:00:05]} 20. axb3 {[%emt 0:00:02]} Bd6 {[%emt 0:02:35]} 21. Be3 {[%emt 0:01:07]} Ke7 {[%emt 0:01:08]} 22. Rac1 {[%emt 0:02:24]} Rd8 {[%emt 0:01:03]} 23. Rc4 {[%emt 0:02:07]} Rb5 {[%emt 0:01:07]} 24. Bd4 {[%emt 0:01:44]} f6 {[%emt 0:00:39]} 25. Bc3 {[%emt 0:02:22]} Rxb3 {[%emt 0:00:54]} 26. Re1 {[%emt 0:00:52]} Rb5 {[%emt 0:01:20]} 27. Rce4 {[%emt 0:01:57]} e5 {[%emt 0:00:16]} 28. f4 {[%emt 0:00:31]} Ke6 {[%emt 0:00:10]} 29. g4 {[%emt 0:01:17]} g6 {[%emt 0:00:34]} 30. R4e2 {[%emt 0:01:38]} Bc5+ {[%emt 0:01:54]} 31. Kg2 {[%emt 0:01:08]} Bd4 {[%emt 0:00:06]} 32. g5 {[%emt 0:01:39]} Bxc3 {[%emt 0:02:53]} 33. bxc3 {[%emt 0:00:05]} Rc8 {[%emt 0:04:01]} 34. gxf6 {[%emt 0:00:09]} Kxf6 {[%emt 0:00:02]} 35. fxe5+ {[%emt 0:00:29]} Ke6 {[%emt 0:00:02]} 36. Re3 {[%emt 0:02:37]} Rcc5 {[%emt 0:00:15]} 37. Rh3 {[%emt 0:00:32]} Rc7 {[%emt 0:00:24]} 38. Rhe3 {[%emt 0:01:37]} Rbc5 {[%emt 0:00:00]} 39. Kf3 {[%emt 0:00:34]} Rxc3 {[%emt 0:00:15]} 40. Kf4 {[%emt 0:00:18]} h6 {[%emt 0:03:21]} 41. Rxc3 {[%emt 0:00:30]} Rxc3 {[%emt 0:00:01]} 42. Ke4 {[%emt 0:00:29]} Rc5 {[%emt 0:00:12]} 43. Kf4 {[%emt 0:00:37]} Rc4+ {[%emt 0:01:37]} 44. Kf3 {[%emt 0:00:04]} b5 {[%emt 0:00:31]} 45. Ra1 {[%emt 0:00:37]} Ra4 {[%emt 0:00:07]} 46. Re1 {[%emt 0:00:17]} a5 {[%emt 0:00:12]} 47. Rg1 {[%emt 0:00:32]} g5 {[%emt 0:00:06]} 48. Re1 {[%emt 0:00:07]} Rf4+ {[%emt 0:00:14]} 49. Kg3 {[%emt 0:00:07]} a4 {[%emt 0:00:12]} 50. Rc1 {[%emt 0:00:32]} b4 {[%emt 0:00:20]} 51. Rc5 {[%emt 0:00:23]} a3 {[%emt 0:00:08]} 52. Ra5 {[%emt 0:00:11]} Re4 {[%emt 0:00:07]} 53. Rb5 {[%emt 0:00:39]} a2 {[%emt 0:00:14]} 54. Ra5 {[%emt 0:00:01]} b3 {[%emt 0:00:05]} 0-1

[Event "1st Gujarat GM Open 2018"]
[Site "Ahmedabad"]
[Date "2018.10.07"]
[Round "3"]
[White "Gaikwad, Siddhant"]
[Black "Neelotpal, Das"]
[Result "0-1"]
[WhiteElo "1996"]
[BlackElo "2436"]
[Annotator "TA"]
[PlyCount "58"]
[EventDate "2018.10.05"]
[EventType "swiss"]
[EventCountry "IND"]
[SourceTitle "playchess.com"]
[Source "ChessBase"]
[SourceQuality "1"]

{[%evp 20,58,0,0,0,0,0,0,109,113,107,126,155,124,124,123,133,124,156,67,125,88,376,104,119,-1253,-1253,-1251,-1255,-1255,-1239,-1236,-1208,-1099,-1092,-29987,-29988,-29988,-29989,-29989,-875]} 1. e4 e5 2. Nf3 Nc6 3. d4 exd4 4. Nxd4 Bc5 5. Nb3 Bb6 6. Nc3 Nf6 7. Qe2 {C45: Scotch Game} O-O 8. Bg5 h6 9. Bh4 a5 10. O-O-O a4 11. Nd2 {LiveBook: 6 Games. e5 is the strong threat.} a3 12. e5 $1 {[%cal Re5f6]} axb2+ 13. Kb1 $1 {[#]} Nd5 $1 {[%mdl 512]} 14. Nxd5 $16 Qxh4 15. Ne4 $1 {[#]} Nxe5 $146 {[#] White must now prevent ...d6.} ({Predecessor:} 15... d6 16. Ndf6+ gxf6 {1-0 (36) Vallejo Pons,F (2695)-Tkachiev,V (2632) Legnica 2013}) 16. Ndf6+ $1 {[%mdl 512]} gxf6 17. g3 {[#]} Qxe4 $1 {[%mdl 512]} 18. Qxe4 d5 19. Qh4 (19. Rxd5 $16 Be6 20. Bd3 $1 {[%mdl 512]}) 19... Be6 ({Better is} 19... Kg7 $1 $14) 20. Bh3 f5 $2 {[%mdl 8192]} (20... Bxh3 $16 21. Qxh3 c6) 21. Qf6 $2 (21. Qxh6 $18 {and the rest is easy.} Ng6 22. Rhe1 (22. Kxb2 d4 $18)) 21... Nc4 22. Bxf5 $2 {[%mdl 8192] [#]} (22. Qxh6 $16 Rxa2 23. Qxf8+ (23. Kxa2 {leads to mate.} Ra8+ 24. Kb3 Ra3+ 25. Kb4 c5+ 26. Kb5 Ra5#) (23. Qg5+ Kh8 $16) 23... Kxf8 24. Kxa2) 22... Rxa2 $3 $19 {[%csl Gb2][%cal Ra2a1][%mdl 512]} 23. c3 (23. Kxa2 Ra8+) 23... Ra1+ 24. Kc2 {[#]} b1=Q+ $1 {[%mdl 512]} 25. Rxb1 Ra2+ {[%cal Ba1a2,Ba2f2,Bf2d2][%mdl 32]} 26. Kc1 Rxf2 27. g4 Be3+ {Black mates.} 28. Kd1 Rd2+ 29. Kc1 Bg5 {Precision: White = 32%, Black = 31%.} (29... Bxf5 $142 30. Qxf5 Rxh2+ 31. Kd1 Rxh1+ 32. Ke2 Rh2+ 33. Kf3 Rf2+ 34. Kg3 Rxf5 35. gxf5 Nd6 36. Kg2 Re8 37. Rb2 Bg5 38. Rf2 Kg7 39. Rf1 Re2+ 40. Kg3 Ne4+ 41. Kf3 Nxc3 42. f6+ Kxf6 43. Ra1 d4 44. Ra8 d3 45. Kg3 d2 46. Rd8 d1=Q 47. Rxd1 Nxd1 48. Kf3 Rf2+ 49. Ke4 Rd2 50. Kf3 Kf5 51. Kg3 Bf4+ 52. Kh4 Rh2#) 0-1

[Event "1st Gujarat GM Open 2018"]
[Site "Ahmedabad"]
[Date "2018.10.07"]
[Round "3"]
[White "Mulay, Pratik"]
[Black "Sai Agni Jeevitesh, J."]
[Result "0-1"]
[WhiteElo "1983"]
[BlackElo "2362"]
[Annotator "NA"]
[PlyCount "73"]
[EventDate "2018.10.05"]
[EventType "swiss"]
[EventCountry "IND"]
[SourceTitle "playchess.com"]
[Source "ChessBase"]
[SourceQuality "1"]
[TimeControl "5400+30"]

1. c4 {[%emt 0:00:00]} e5 {[%emt 0:00:00]} 2. Nc3 {[%emt 0:00:00]} Nf6 {[%emt 0:00:00]} 3. g3 {[%emt 0:00:13]} d5 {[%emt 0:00:00]} 4. cxd5 {[%emt 0:00:33]} Nxd5 {[%emt 0:00:00]} 5. Bg2 {[%emt 0:00:11]} Nb6 {[%emt 0:00:00]} 6. a4 {[%emt 0:01:50]} a5 {[%emt 0:01:22]} 7. Nf3 {[%emt 0:02:00]} Nc6 {[%emt 0:01:18]} 8. O-O {[%emt 0:00:34]} Be7 {[%emt 0:01:49]} 9. d3 {[%emt 0:01:36]} O-O {[%emt 0:01:33]} 10. Be3 {[%emt 0:01:20]} Be6 {[%emt 0:07:28]} 11. Rc1 {[%emt 0:02:59]} f5 {[%emt 0:08:47]} 12. Nb5 {[%emt 0:02:32]} Nd5 {[%emt 0:03:17]} 13. Bc5 {[%emt 0:02:38]} Ndb4 {[%emt 0:00:53]} 14. Bxb4 {[%emt 0:30:03]} axb4 {[%emt 0:06:33]} 15. Nxe5 {[%emt 0:06:13]} Nxe5 {[%emt 0:00:42]} 16. Nxc7 {[%emt 0:00:09]} Qd7 {[%emt 0:01:16]} 17. d4 {[%emt 0:01:58]} Ng4 {[%emt 0:03:28]} 18. Bxb7 {[%emt 0:11:39]} Ra7 {[%emt 0:03:56]} 19. Nxe6 {[%emt 0:01:59]} Qxe6 {[%emt 0:00:09]} 20. Bf3 {[%emt 0:01:09]} Nf6 {[%emt 0:22:02]} 21. Rc6 {[%emt 0:06:24]} Qd7 {[%emt 0:07:00]} 22. Qd3 {[%emt 0:06:20]} Kh8 {[%emt 0:01:27]} 23. b3 {[%emt 0:01:25]} Nd5 {[%emt 0:01:46]} 24. Bxd5 {[%emt 0:03:03]} Qxd5 {[%emt 0:00:02]} 25. Rfc1 {[%emt 0:00:01]} f4 {[%emt 0:03:19]} 26. Rc8 {[%emt 0:02:06]} Ra8 {[%emt 0:01:59]} 27. Rxa8 {[%emt 0:07:42]} Qxa8 {[%emt 0:02:32]} 28. f3 {[%emt 0:03:17]} Qb8 {[%emt 0:03:25]} 29. Kg2 {[%emt 0:00:50]} Bd6 {[%emt 0:00:19]} 30. gxf4 {[%emt 0:02:38]} Bxf4 {[%emt 0:00:02]} 31. e3 {[%emt 0:00:01]} Bd6 {[%emt 0:04:25]} 32. f4 {[%emt 0:01:26]} g5 {[%emt 0:03:45]} 33. f5 {[%emt 0:01:06]} Bxh2 {[%emt 0:01:20]} 34. e4 {[%emt 0:00:19]} Bf4 {[%emt 0:00:17]} 35. Rc6 {[%emt 0:00:40]} Qe8 {[%emt 0:00:57]} 36. d5 {[%emt 0:00:35]} Qh5 {[%emt 0:00:11]} 37. Qf3 0-1